Taylor Swift lyrics - Statistics

General Stats
  • This quiz has been taken 246 times
  • The average score is 12 of 15
Answer Stats
Hint Answer % Correct
It's a love story if you just say Yes
95%
I just want to stay in my lavender Haze
94%
We can leave the Christmas lights up until January
94%
I get older but just never Wiser
94%
Can I go where you Go
93%
Sometimes I feel like everybody is a sexy Baby
92%
Everyone who sees you wants You
88%
I can still make the whole place Shimmer
85%
She's cheer Captain
80%
All you'll ever be is Mean
79%
Penthouse of your Heart
68%
High heels on Cobblestones
63%
I never miss a Beat
55%
You would rather be in the dark Age
41%
Don't step on our Gowns
37%
No matching quizzes found
Score Distribution
Percent of People with Each Score
Percentile by Number Answered
Your Score History
You have not taken this quiz